| 000 | 00578nam a2200193Ia 4500 | ||
|---|---|---|---|
| 003 | GCL | ||
| 008 | 140319s9999 xx 000 0 ara d | ||
| 040 |
_aGCL / _cGCL |
||
| 082 | 0 | 4 |
_a028.7 _bش س |
| 100 | 1 | _aشريف العلمى | |
| 245 | 1 | 0 |
_aسين وجيم ط16 / _cشريف العلمى |
| 260 |
_a[S.N] : _bشركة المطبوعات للتوزيع والنشر ، _c1989 |
||
| 300 | _aمتعدد الترقيم | ||
| 490 | _a | ||
| 650 | 0 | 4 | _aالتثقيف الذاتى |
| 650 | 0 | 4 | _aالثقافة الذاتية |
| 650 | 0 | 4 | _aالمعرفة |
| 942 |
_2ddc _cBK |
||
| 999 |
_c53283 _d53283 |
||